Working in agricultural mechanics (Record no. 29903)
[ view plain ]
| 000 -LEADER | |
|---|---|
| fixed length control field | 00355nam a2200133Ia 4500 |
| 082 ## - DEWEY DECIMAL CLASSIFICATION NUMBER | |
| Classification number | 631.3:621 |
| Item number | SHI |
| 100 ## - MAIN ENTRY--AUTHOR NAME | |
| Personal name | SHINN, Glen C |
| 245 #0 - TITLE STATEMENT | |
| Title | Working in agricultural mechanics |
| 260 ## - PUBLICATION, DISTRIBUTION, ETC. (IMPRINT) | |
| Place of publication | New York |
| Name of publisher | McGraw Hill |
| Year of publication | 1978 |
| 650 ## - SUBJECT ADDED ENTRY--TOPICAL TERM | |
| Topical Term | Agricultural machinery |
| 700 ## - ADDED ENTRY--PERSONAL NAME | |
| Personal name | WESTON, Curtis R |
| 942 ## - ADDED ENTRY ELEMENTS (KOHA) | |
| Koha item type | Books |
| Withdrawn status | Lost status | Damaged status | Not for loan | Home library | Current library | Date acquired | Full call number | Accession Number | Koha item type |
|---|---|---|---|---|---|---|---|---|---|
| RRII Library | RRII Library | 16/12/2021 | 631.3:621 SHI | 10483 | Books |